| 000 | 00752cam a2200181 4500 | ||
|---|---|---|---|
| 001 | WB3908-02 | ||
| 008 | 030226n2003 000 0 eng u | ||
| 035 | _a(Sirsi) u121440 | ||
| 245 | _aPlans to overhaul secondary school buildings | ||
| 260 | _c2003 | ||
| 490 |
_aDfES Press Notice _v(2003/0026) 26 February 2003 (3) |
||
| 520 | _aDepartment for Education and Skills has announced a major overhaul of the capital spending programme on secondary school buildings. The proposals cover investment of £5.1bn for 2005-2006 to bring these buildings up to standard. http://www.dfes.gov.uk/pns/DisplayPN.cgi?pn_id=2003_0026 | ||
| 590 | _aWB | ||
| 650 | _aSCHOOLS | ||
| 650 | _aCAPITAL SPENDING PROGRAMME | ||
| 690 | _aBUILT ENVIRONMENT | ||
| 942 | _n0 | ||
| 999 |
_c72163 _d72163 |
||